000 00417nmm a2200145Ia 4500
008 251105s9999||||xx |||||||||||||||||und||
041 _aspa
100 _aMontilla, Roberto
245 0 _aAstur'o un Camelot Cantábrico
264 _a[Madrid, España] :
_bLetras de Autor,
_c2015
300 _a278 páginas
650 _aSpanish narrative
856 _uhttps://public.digitaliapublishing.com/a/87694
942 _cCF
999 _c105410
_d105410